00437nam a22001337a 4500003000400000008004100004082001600045100001700061245014400078260002600222300000900248502001500257650003100272OSt260424b |||||||| |||| 00| 0 eng d a634.6bM30E aKumar, Manoj aEffect of Foliar Feeding of Some Micronutrients and Plant Growth Regulators on Yield and Qualit of Litchi (Litchi Chinesis Sonn.) Cv. Purbi aPusa, SamastipurbRAU a48P. bMsc.d2007 aFruit and Fruit Technology